Piłkarska kariera Nabyego Keity. - Statystyki

Ogólne statystyki
  • Ten quiz został rozwiązany 28 razy
  • Średni wynik to 2 z 5
Statystyki odpowiedzi
Lata Drużyna % Poprawnych
2018-teraz Liverpool
100%
2016-2018 RB Lipsk
76%
2014-2016 RB Salzburg
68%
2013-2013 Horoya
0%
2013-2014 Istres
0%
Nie znaleziono quizów pasujących do podanych kryteriów
Rozkład punktacji
Procent ludzi z każdym wynikiem
Percentyl według liczby udzielonych odpowiedzi
Twoja historia wyników
Nie rozwiązałeś tego quizu